000 00515nam a2200217Ia 4500
003 IT-RoPAU
005 20220918175645.0
008 120407s9999 xx 000 0 und d
040 _aIT-RoPAU
040 _cIT-RoPAU
041 _aita
100 _aEugenio Fornasari
_9723
245 _aL’uomo del servizio. Cenni biogafici di don Benedetto Saverio Boano...
260 _aSan Paolo Edizioni
260 _c1992
300 _bill.
300 _c21 cm
490 _v1
942 _cBK
_2ddc
999 _c23710
_d23710